000 00478nam a2200193Ia 4500
003 OSt
005 20221005120252.0
006 a|||||r|||| 00| 0
007 ta
008 221004b |||||||| |||| 00| 0 eng d
024 _a79497
037 _cTextual
040 _aCRL
_cCRL
_beng
041 _2eng
_aeng
245 0 _aDirectory of Universities and Other Institutions of Higher Learning in India
260 _c0000
942 _cTEXL
_2cc
999 _c1037482
_d1037482